| 000 | 02106nam a2200625 i 4500 | ||
|---|---|---|---|
| 001 | 34734 | ||
| 003 | KOSZ 005 | ||
| 005 | 20210311111613.0 | ||
| 008 | 980702s1996 pl a f f |001 0 pol | ||
| 015 | _aPB 1996/13517 | ||
| 020 | _a8320420121 | ||
| 035 | _a991004333149705066 | ||
| 035 | _a(PL-WaBN)b11146448-48omnis_nlop | ||
| 035 | _ab11146448 | ||
| 035 | _a(OCoLC)750062722 | ||
| 035 | _a(PL)b0000001114644 | ||
| 035 | _a(EXLNZ-48OMNIS_NETWORK)9910458181805606 | ||
| 040 |
_aWA N _cWA N _dKOSZ 005/HR |
||
| 041 | 0 |
_apol _beng |
|
| 046 | _k1996 | ||
| 080 | _a658.5 | ||
| 080 | _a681.5 | ||
| 080 | _a621.757 | ||
| 080 | _a519.87 | ||
| 080 | _a(075.8) | ||
| 100 | 1 |
_aSawik, Tadeusz _d(1947- ) _eAutor |
|
| 245 | 1 | 0 |
_aPlanowanie i sterowanie produkcji w elastycznych systemach montażowych / _cTadeusz Sawik. |
| 260 |
_aWarszawa : _bWydawnictwa Naukowo-Techniczne, _c1996. |
||
| 300 |
_a256 s. : _bfot., rys., wykr. ; _c24 cm. |
||
| 336 |
_2rdacontent _aTekst _btxt |
||
| 337 |
_2rdamedia _aBez urządzenia pośredniczącego _bn |
||
| 338 |
_2rdacarrier _aWolumin _bnc |
||
| 380 | _aKsiążki | ||
| 380 | _aPublikacje dydaktyczne | ||
| 385 |
_mPoziom nauczania _aSzkoły wyższe |
||
| 388 | _a1901-2000 | ||
| 388 | _a1989-2000 | ||
| 490 | 1 | _aElastyczne Systemy Produkcyjne | |
| 504 | _aBibliogr. s. 242-250. - Indeks. - Summ. | ||
| 521 | _aDla studentów kierunku automatyka i robotyka oraz zarządzanie i marketing. | ||
| 650 | 7 |
_aElastyczne systemy wytwarzania _2DBN |
|
| 650 | 7 | _aProdukcja | |
| 650 | 7 | _aAutomatyzacja | |
| 650 | 7 |
_aOptymalizacja _2DBN |
|
| 650 | 7 |
_aSterowanie _2DBN |
|
| 655 | 7 |
_aPodręczniki akademickie _2DBN |
|
| 658 | _aInżynieria i technika | ||
| 658 | _aZarządzanie i marketing | ||
| 650 | 7 |
_aMontaż _2DBN |
|
| 710 | 2 |
_aWydawnictwa Naukowo-Techniczne _4pbl |
|
| 830 | 0 | _aElastyczne Systemy Produkcyjne | |
| 856 |
_uhttp://koha.tu.koszalin.pl/cgi-bin/koha/opac-detail.pl?biblionumber=34734 _yKatalog online BPK |
||
| 942 |
_2UKD _cKS |
||
| 999 |
_c34734 _d34734 |
||